LEADER 00997nam0-22003371i-450- 001 990000469220403321 005 20080728102050.0 010 $a0-07-022439-0 035 $a000046922 035 $aFED01000046922 035 $a(Aleph)000046922FED01 035 $a000046922 100 $a20020821d1984----km-y0itay50------ba 101 0 $aeng 105 $aa-------001yy 200 1 $aCoordinated computing$etools and techniques for distributed software$fRobert E. Filman, Daniel P. Friedman 210 $aNew York [etc.]$cWiley & Sons$dc1988 215 $a370 p.$cill.$d24 cm 225 1 $aMcGraw-Hill computer science series 610 0 $aElaborazione dei dati elettronici 610 0 $aProgrammazione 610 0 $aElaboratori digitali 676 $a005 700 1$aFilman,$bRobert E. 701 1$aFriedman,$bDaniel P. 801 0$aIT$bUNINA$gRICA$2UNIMARC 901 $aBK 912 $a990000469220403321 952 $a10 P.T. 380$b524 DIS$fDINEL 959 $aDINEL 997 $aUNINA LEADER 01687nlm0 22004691i 450 001 990009262580403321 010 $a9783642044687 035 $a000926258 035 $aFED01000926258 035 $a(Aleph)000926258FED01 035 $a000926258 100 $a20100926d2009----km-y0itay50------ba 101 0 $aeng 102 $aDE 135 $adrnn-008mamaa 200 1 $aComputer Safety, Reliability, and Security$bRisorsa elettronica$e28th International Conference, SAFECOMP 2009, Hamburg, Germany, September 15-18, 2009. Proceedings$fedited by Bettina Buth, Gerd Rabe, Till Seyfarth 210 $aBerlin ; Heidelberg$cSpringer$d2009 225 1 $aLecture Notes in Computer Science$x0302-9743$v5775 230 $aDocumento elettronico 336 $aTesto 337 $aFormato html, pdf 702 1$aButh,$bBettina 702 1$aRabe,$bGerd 702 1$aSeyfarth,$bTill 801 0$aIT$bUNINA$gREICAT$2UNIMARC 856 4 $zFull text per gli utenti Federico II$uhttp://dx.doi.org/10.1007/978-3-642-04468-7 901 $aEB 912 $a990009262580403321 961 $aComputer science 961 $aComputer Science 961 $aComputer system performance 961 $aData protection 961 $aInformation systems 961 $aInformation Systems and Communication Service 961 $aSoftware engineering 961 $aSoftware Engineering 961 $aSoftware Engineering/Programming and Operating Systems 961 $aSpecial Purpose and Application-Based Systems 961 $aSystem Performance and Evaluation 961 $aSystems and Data Security 996 $aComputer Safety, Reliability, and Security$9772429 997 $aUNINA LEADER 04627nam 2200649 450 001 9910820473503321 005 20230807212532.0 010 $a90-04-28545-8 024 7 $a10.1163/9789004285453 035 $a(CKB)3710000000342935 035 $a(EBL)1936124 035 $a(SSID)ssj0001420836 035 $a(PQKBManifestationID)11934369 035 $a(PQKBTitleCode)TC0001420836 035 $a(PQKBWorkID)11408239 035 $a(PQKB)11549971 035 $a(MiAaPQ)EBC1936124 035 $a(OCoLC)893099397$z(OCoLC)893454982 035 $a(nllekb)BRILL9789004285453 035 $a(Au-PeEL)EBL1936124 035 $a(CaPaEBR)ebr11014964 035 $a(CaONFJC)MIL718569 035 $a(OCoLC)902673949 035 $a(EXLCZ)993710000000342935 100 $a20150209h20152015 uy 0 101 0 $aeng 135 $aur|n|---||||| 181 $ctxt$2rdacontent 182 $cc$2rdamedia 183 $acr$2rdacarrier 200 00$aAntiquarianism, language, and medical philology $efrom early modern to modern Sino-Japanese medical discourses /$fedited by Benjamin A. Elman 210 1$aLeiden, The Netherlands :$cBrill,$d[2015] 210 4$d©2015 215 $a1 online resource 225 1 $aSir Henry Wellcome Asian Series,$x1570-1484 ;$vVolume 12 300 $aDescription based upon print version of record. 311 $a90-04-28544-X 311 $a1-322-87287-2 320 $aIncludes bibliographical references and index. 327 $tPreliminary Material --$t1 Rethinking the Sino-Japanese Medical Classics: Antiquarianism, Languages, and Medical Philology /$rBenjamin A. Elman --$t2 Reasoning with Cases: The Transmission of Clinical Medical Knowledge in Twelfth-Century Song China /$rAsaf Goldschmidt --$t3 Illness, Texts, and ?Schools? in Danxi Medicine: A New Look at Chinese Medical History from 1320 to 1800 /$rFabien Simonis --$t4 Ancient Texts and New Medical Ideas in Eighteenth-Century Japan /$rDaniel Trambaiolo --$t5 The Reception of the Circulation Channels Theory in Japan (1500?1800) /$rMathias Vigouroux --$t6 A Village Doctor and the Treatise on Cold Damage Disorders (­Shanghan lun ???): Medical Theory / Medical Practice in Late Tokugawa Japan /$rSusan L. Burns --$t7 Honz?gaku after Seibutsugaku: Traditional Pharmacology as Antiquarianism after the Institutionalization of Modern Biology in Early Meiji Japan /$rFederico Marcon --$t8 Japanese Medical Texts in Chinese on Kakké in the Tokugawa and Early Meiji Periods /$rAngela Ki Che Leung --$t9 Yang Shoujing and the Kojima Family: Collection and Publication of Medical Classics /$rMayanagi Makoto , Takashi Miura and Mathias Vigouroux --$tIndex /$rBenjamin A. Elman. 330 $aBased on several research seminars, the authors in this volume provide fresh perspectives of the intellectual and cultural history of East Asian medicine, 1550-1800. They use new sources, make new connections, and re-examine old assumptions, thereby interrogating whether and why European medical modernity is an appropriate standard for delineating the modern fate of East Asia?s medical classics. The unique importance of early modern Europe in the history of modern medicine should not be used to gloss over the equally unique and thus different developments in East Asia. Each paper offers an important contribution to understanding the dynamics of East Asian medicine, namely, the relationship between medical texts, medical practice, and practitioner identity. Furthermore, the essays in this volume are especially valuable for directing our attention to the movement of medical texts between different polities and cultures of early modern East Asia, especially China and Japan. Of particular interest are the interactions, similarities, and differences between medical thinkers across East Asia, Contributors include: Susan Burns, Benjamin A. Elman, Asaf Goldschmidt, Angela KC Leung, Federico Marcon, MAYANAGI Makoto, Fabien Simonis, Daniel Trambaiolo, and Mathias Vigouroux. 410 0$aSir Henry Wellcome Asian series ;$vv.v. 12. 606 $aTraditional medicine$zChina$xHistory 606 $aTraditional medicine$zJapan$xHistory 607 $aChina$xHistory$y18th century 607 $aJapan$xHistory$y18th century 615 0$aTraditional medicine$xHistory. 615 0$aTraditional medicine$xHistory. 676 $a610.95 702 $aElman$b Benjamin A.$f1946- 801 0$bMiAaPQ 801 1$bMiAaPQ 801 2$bMiAaPQ 906 $aBOOK 912 $a9910820473503321 996 $aAntiquarianism, language, and medical philology$94064978 997 $aUNINA